Stemmi Squadre di calcio - Ligue 1 - Quiz n°3 - Statistics

Statistiche generali
  • Questo quiz è stato fatto 296 volte
  • Il punteggio medio è 10 su 10
Statistiche sulle risposte
con Immagini Risposta % Corretto
Association de la Jeunesse Auxerroise
100%
Montpellier Hérault Sport Club
100%
Association Sportive de Monaco Football Club
99%
Espérance Sportive Troyes Aube Champagne
99%
Football Club Lorient-Bretagne Sud
99%
LOSC Lille
99%
Association Sportive de Saint-Étienne Loire
98%
Stade Malherbe Caen Calvados Basse-Normandie
98%
Football Club Sochaux-Montbéliard
92%
Association Sportive Nancy-Lorraine
70%
Nessun quiz corrispondente trovato
Distribuzione punteggi
Percentuale di utenti per punteggio
Percentile per numero di risposta
I tuoi punteggi nel tempo
Non hai fatto questo quiz